00805nam a2200181 a 450000100100000000500170001000800410002704000250006810000340009324500500012726000720017730000210024904900090027095201050027995201110038495201110049599900170060600002510120200930023550.0110210s1947 dr 000 0 spa d aDO-SdBNPbspacBNPHU1 aVicente Pepper, José95148910aFichas del romulato /cJosé Vicente Pepper. aCiudad Trujillo, República Dominicana :bEditora Montalvo,c1947. a391 p. ;c23 cm. aBNPD 001050718RVaPDbPDcCTd2011-02-10iLF1l0o p25101-10r2020-06-25w2020-06-25y1ZNo se presta 001050718RVaPDbPDcCTd2013-07-15iLF1l0o p25101-20r2020-06-25te. 2w2020-06-25y1ZNo se presta 001050718RVaPDbPDcCTd2013-07-15iLF1l0o p25101-30r2020-06-25te. 3w2020-06-25y1ZNo se presta c24594d24594